| 000 | 00332cam a22001217a 4500 | ||
|---|---|---|---|
| 008 | 180718b1968 xxu||||| |||| 00| 0 eng d | ||
| 082 | _aR00x73 C519 | ||
| 100 | _aClaque, Ewan | ||
| 245 |
_aBureau of labour statistics _cby Ewan Claque |
||
| 260 |
_aNew York _bPraeger _c1968 |
||
| 300 | _a271p. | ||
| 650 | _aLabour Departments - U.S.A. | ||
| 999 |
_c362456 _d362456 |
||